000 00581nab#a2200205#c#4500
999 _c53670
_d53670
003 IEF
005 20191205173447.0
008 950704s1976 uuu|| #####0 b| |u
040 _aIEF
_cES-MaIEF
100 1 _aRosenberg, Nathan
_938422
245 _aAlgunos aspectos institucionales de "La riqueza de las Naciones"
_c Nathan Rosenberg
260 _c1976
500 _aBibliografía
650 4 _aHOMENAJES
_945439
650 4 _aSMITH, ADAM (1723-1790)
_948447
773 0 _tHacienda pública española
_w34570
_g40, p. 231-242
942 _2udc
942 _2udc